| 000 | 01439nam0a22003611 4500 | ||
|---|---|---|---|
| 001 | rc\2259260 | ||
| 005 | 20110826162329.5 | ||
| 035 | _a(NLR Aleph) 006520508 | ||
| 090 |
_a6425019 _c6425019 |
||
| 100 | _a20110826d1978 |||y0rusy50 ca | ||
| 101 | 1 |
_arus _cger |
|
| 102 | _aRU | ||
| 105 | _aa z ||||| | ||
| 200 | 1 |
_aТеория приближений _eЧебышев. приближения и их прил. _fПеревод с нем. Б.И. Голубова _gПод ред. С.Б. Стечкина |
|
| 210 |
_aМосква _cНаука _d1978 |
||
| 215 |
_a271 с. _cил. _d20 |
||
| 311 | _aПеревод изд.: Approximations - theorie / Von Lothar Collatz, Werner Krabs (1973) | ||
| 320 | _aПредм. указ.: с. 270-271 | ||
| 320 | _aБиблиогр.: с. 262-269 | ||
| 454 | 0 |
_12001#$aApproximations - theorie$fVon Lothar Collatz, Werner Krabs _1210##$d1973 _1700#1$aCollatz$bL.$gLothar _1701#1$aKrabs$bW.$gWerner |
|
| 686 |
_a22.162 _2rubbk |
||
| 686 |
_aВ161.49,0 _2rubbk |
||
| 700 | 1 |
_aКоллатц _bЛ. _f1910- _gЛотар |
|
| 701 | 1 |
_aКрабс _bВ. _gВернер |
|
| 702 | 1 |
_aГолубов _bБ. И. _f1939- _gБорис Иванович _3RU\NLR\AUTH\770165274 _4730 |
|
| 702 | 1 |
_aСтечкин _bС. Б. _4340 |
|
| 801 | 0 |
_aRU _bNLR _gpsbo |
|
| 801 | 1 |
_aRU _bELAR _2rusmarc |
|
| 852 |
_aNLR _j79-3/3096 |
||
| 899 |
_aRuMoRGB _jБ 79-3/176 |
||
| 899 |
_aRuMoRGB _jБ 79-3/177 |
||
| 942 | _cBOOK | ||
| 980 | _aNB | ||